000
00305nam a22001337a 4500
008
190206b xxu||||| |||| 00| 0 eng d
020
_a
0131120522
041
_a
eng
080
_2
3rd
_a
510
100
_a
38
101
_a
MAT
245
_a
Calculus with analytic geometry
_c
Purcell,E.J
942
_2
udc
_c
BK
999
_c
54100
_d
54100